000 01240nam0a22002531 4500
001 rc\1003979
005 20250622073629.0
035 _a(NLR Aleph) 006169982
090 _a5954134
_c5954134
100 _a20041129d1981 |||y0rusy50 ca
101 0 _arus
102 _aRU
105 _ay |||||||||
200 1 _aСпособы ремонта асфальтобетонных покрытий дорог регенерацией материалов
_eДокл. на Междунар. симпоз. "Стройдормаш-81", 12-24 июня 1981 г.
_fБ. Шандлер, инж.
210 _aМ.
_cВДНХ
_d[1981]
215 _a[1], 11, 12 л.
_d30
423 0 _12001#$aНовые методы восстановления дорожных покрытий$eДиктор. текст к кинофильму для показа на междунар. симпоз. "Стройдормаш-81"
_tНовые методы восстановления дорожных покрытий
700 1 _aШендлер
_bБ.
712 1 2 _a"Стройдормаш-81", международный симпоз.
_f1981
_eМосква
801 0 _aRU
_bNLR
_gpsbo
801 1 _aRU
_bELAR
_2rusmarc
852 _aNLR
_j81-8/789
942 _cBOOK
980 _aNB